| 000 | 01027cam a22003374a 4500 | ||
|---|---|---|---|
| 001 | 16335132 | ||
| 005 | 20180903043852.0 | ||
| 007 | co |g||||||||| | ||
| 008 | 100714s2011 paua b 001 0 eng | ||
| 010 | _a 2010030027 | ||
| 016 | 7 |
_a101535821 _2DNLM |
|
| 020 | _a9780781793834 (alk. paper) | ||
| 020 | _a0781793831 (alk. paper) | ||
| 020 | _a9781609133658 | ||
| 020 | _a160913365X | ||
| 035 | _a(OCoLC)ocn649795858 | ||
| 040 |
_aDNLM/DLC _cDLC _dYDX _dBTCTA _dNLM _dYDXCP _dVAM _dZAD _dCDX _dDLC |
||
| 041 | _aeng | ||
| 042 | _apcc | ||
| 060 | 0 | 0 | _a2011 A-409 |
| 060 | 1 | 0 |
_aWY 100.1 _bF981 2011 |
| 080 | _a610.73 | ||
| 082 | 0 | 0 |
_a610.73 TAL _222 |
| 100 | _a2 | ||
| 101 | _aINF | ||
| 245 | 0 | 0 |
_aFundamentals of nursing : _cCarol R. Taylor ... [et al.]. |
| 504 | _aIncludes bibliographical references and index. | ||
| 906 |
_a7 _bcbc _corignew _d1 _eecip _f20 _gy-gencatlg |
||
| 942 |
_2udc _cBK |
||
| 999 |
_c47435 _d47435 |
||